Best Player of all time from each AFL team - Statistics

General Stats
  • This quiz has been taken 576 times
  • The average score is 7 of 18
Answer Stats
Team Player % Correct
Gold Coast Gary Ablett jnr
88%
Geelong Gary Ablett snr
88%
West Coast Chris Judd
61%
St Kilda Tony Lockett
58%
Fremantle Nat Fyfe
57%
North Melbourne Wayne Carey
54%
Hawthorn Leigh Matthews
52%
GWS Callan Ward
42%
Westen Bulldogs Ted Whitten
35%
Carlton Stephen Silvagni
32%
Richmond Kevin Bartlett
31%
Adelaide Mark Ricciuto
26%
Collingwood Gordon Coventry
24%
Melbourne Ron Barassi
22%
Port Adelaide Kane Cornes
21%
Sydney Bob Skilton
17%
Essendon Dick Reynolds
17%
Brisbane Kevin Murray
5%
No matching quizzes found
Score Distribution
Percent of People with Each Score
Percentile by Number Answered
Your Score History
You have not taken this quiz